Clases de ajuste integral por infalción (Registro nro. 1771)
[ vista simple ]
| 000 -LEADER | |
|---|---|
| fixed length control field | 01345 a2200217 4500 |
| 001 - CONTROL NUMBER | |
| control field | 28980 |
| 005 - DATE AND TIME OF LATEST TRANSACTION | |
| control field | 20260407155558.0 |
| 008 - FIXED-LENGTH DATA ELEMENTS--GENERAL INFORMATION | |
| fixed length control field | 260407a1980 arg spa d |
| 003 - CONTROL NUMBER IDENTIFIER | |
| control field | AR-UNSa-BCEJYS |
| 040 ## - CATALOGING SOURCE | |
| Original cataloging agency | AR-UNSa-BCEJYS |
| Language of cataloging | spa |
| Transcribing agency | AR-UNSa-BCEJYS |
| 080 ## - UNIVERSAL DECIMAL CLASSIFICATION NUMBER | |
| Universal Decimal Classification number | 657.23 |
| Common auxiliary subdivision | Compensaciones. Correcciones. Ajustes (devaluación monetaria) |
| 100 1# - MAIN ENTRY--PERSONAL NAME | |
| Personal name | Senderovich, Isaac Aizik |
| 245 10 - TITLE STATEMENT | |
| Title | Clases de ajuste integral por infalción |
| Name of part/section of a work | Reslución Nº 183/79 CPCECF |
| 264 #1 - PRODUCTION, PUBLICATION, DISTRIBUTION, MANUFACTURE, AND COPYRIGHT NOTICE | |
| Place of production, publication, distribution, manufacture | Buenos Aires : |
| Name of producer, publisher, distributor, manufacturer | Liceo Profesional Cima |
| Date of production, publication, distribution, manufacture, or copyright notice | 1980 |
| 300 ## - PHYSICAL DESCRIPTION | |
| Extent | 245 p. |
| Dimensions | 22 cm. |
| 520 ## - SUMMARY, ETC. | |
| Summary, etc. | |
| 505 ## - FORMATTED CONTENTS NOTE | |
| Formatted contents note | 1. Principales disposiciones de la resolución nº 183/79 C.P.C.E.C.F. - 2. El ajuste integral por inflación según dictamen nº 2 I.T.C.P. - 3. Lineamientos generales del método simplificado - 4. Esquema del dictamen nº 2 I.T.C.P. - 5. Método simplificado. Esquema del anexo res. 183/79 C.P.C.E.C.F. - 6. Método simplificado. Normas particulares de ajuste del activo y pasivo - 7. Método simplificado. Normas particulares de ajuste del patrimonio neto y estado de resultados - 8. Ejemplo de aplicación del método simplificado - 9. Ajuste del patrimonio neto según dictamen nº 2 I.T.C.P. - 10. Ejemplo de aplicación del dictamen nº 2 I.T.C.P. - 11. Anexos |
| 590 ## - LOCAL NOTE (RLIN) | |
| Local note | niveau_biblio:m niveau_hierar:0 |
| 700 1# - ADDED ENTRY--PERSONAL NAME | |
| Personal name | Telias, Alejandro J. |
| 942 ## - ADDED ENTRY ELEMENTS (KOHA) | |
| Koha item type | |
| Withdrawn status | Lost status | Damaged status | Not for loan | Home library | Current library | Shelving location | Date acquired | Total checkouts | Full call number | Barcode | Date last seen | Price effective from | Koha item type |
|---|---|---|---|---|---|---|---|---|---|---|---|---|---|
| Biblioteca Prof. Eusebio Cleto del Rey | Biblioteca Prof. Eusebio Cleto del Rey | 07/04/2026 | 657.23 S475c | L28987 | 07/04/2026 | 07/04/2026 | Libro | ||||||
| Biblioteca Prof. Eusebio Cleto del Rey | Biblioteca Prof. Eusebio Cleto del Rey | 07/04/2026 | 657.23 S475c | L33790 | 07/04/2026 | 07/04/2026 | Libro | ||||||
| Biblioteca Prof. Eusebio Cleto del Rey | Biblioteca Prof. Eusebio Cleto del Rey | 07/04/2026 | 657.23 S475c | L28986 | 07/04/2026 | 07/04/2026 | Libro | ||||||
| Biblioteca Prof. Eusebio Cleto del Rey | Biblioteca Prof. Eusebio Cleto del Rey | 07/04/2026 | 657.23 S475c | L33911 | 07/04/2026 | 07/04/2026 | Libro |